Optimization and mathematical modeling in computer architecture / (Record no. 628)

MARC details
000 -LEADER
fixed length control field 00717nam a22002177a 4500
005 - DATE AND TIME OF LATEST TRANSACTION
control field 20250420134819.0
008 - FIXED-LENGTH DATA ELEMENTS--GENERAL INFORMATION
fixed length control field 200813b ||||| |||| 00| 0 eng d
020 ## - INTERNATIONAL STANDARD BOOK NUMBER
International Standard Book Number 9781627052092
040 ## - CATALOGING SOURCE
Transcribing agency KCST
082 ## - DEWEY DECIMAL CLASSIFICATION NUMBER
Classification number 004.22
Item number No Op
100 ## - MAIN ENTRY--PERSONAL NAME
Personal name Nowatzki, Tony
9 (RLIN) 5123
245 ## - TITLE STATEMENT
Title Optimization and mathematical modeling in computer architecture /
Statement of responsibility, etc. Tony Nowatzki
260 ## - PUBLICATION, DISTRIBUTION, ETC.
Place of publication, distribution, etc. [San Rafael, Calif.] :
Name of publisher, distributor, etc. Morgan & Claypool Publishers
Date of publication, distribution, etc. 2014.
300 ## - PHYSICAL DESCRIPTION
Extent 144 p.
440 ## - SERIES STATEMENT/ADDED ENTRY--TITLE
Title Synthesis lectures in computer architecture
Number of part/section of a work #26.
9 (RLIN) 5124
650 ## - SUBJECT ADDED ENTRY--TOPICAL TERM
Topical term or geographic name entry element Computer architecture
Form subdivision Mathematical models.
9 (RLIN) 5125
650 ## - SUBJECT ADDED ENTRY--TOPICAL TERM
Topical term or geographic name entry element Mathematical optimization.
9 (RLIN) 2401
650 ## - SUBJECT ADDED ENTRY--TOPICAL TERM
Topical term or geographic name entry element Integer programming.
9 (RLIN) 5126
942 ## - ADDED ENTRY ELEMENTS (KOHA)
Koha item type Book
942 ## - ADDED ENTRY ELEMENTS (KOHA)
Source of classification or shelving scheme Dewey Decimal Classification
Holdings
Withdrawn status Lost status Source of classification or shelving scheme Damaged status Not for loan Home library Current library Date acquired Cost, normal purchase price Total checkouts Full call number Barcode Date last seen Price effective from Koha item type
    Dewey Decimal Classification     KCST Library KCST Library 13/08/2020 27.87   004.22 No Op 1000000581 13/08/2020 13/08/2020 Book
© 2025 KCST. All rights reserved